| 000 | 004390000a22001810004500 | ||
|---|---|---|---|
| 003 | MACL | ||
| 005 | 20160119141821.0 | ||
| 008 | 160119b xxu||||| |||| 00| 0 eng d | ||
| 040 |
_aMACL _cMACL |
||
| 041 | _aEnglish | ||
| 082 | _a001/GUP | ||
| 100 |
_aGupta, R _933221 |
||
| 245 | _aGeneral Knowledge | ||
| 260 |
_bRamesh Publishing House _c2003 _aNew Delhi |
||
| 350 | _a70 | ||
| 650 |
_aGeneralities _91354 |
||
| 942 |
_cBK _k001/GUP _2ddc |
||
| 999 |
_c32643 _d32643 |
||